Movies Quiz

Random Movies or Show Quiz

Mentioned in the Rocky Horror Theme Song Quiz Stats

 Plays Quiz Updated Mar 24, 2020

     
Support Sporcle.
Go Orange.
Score 0/12 Timer 03:00
1 Play Today
Hint Name % Correct
and _____ King Kong
80.8%
and _____ Janet
77.6%
see androids fighting _____Brad
75.4%
then something went wrong, for _____Fay Wray
72.1%
_____ was there, in silver underwearFlash Gordon
71.6%
_____ was The Invisible ManClaude Rains
60.3%
_____ stars in 'Forbidden Planet'Anne Francis
53.6%
_____ was ill, the day the earth stood stillMichael Rennie
47.9%
_____ was over a barrel when Tarantula took to the hillsLeo G. Carroll
45.4%
_____ said prunes gave him the runesDana Andrews
41.1%
_____ fought a Triffid that spits poison and killsJanette Scott
33%
_____ told his bride he's gonna give her some terrible thrillsGeorge Pal
31.6%

From the Vault

Geographical Sharing

by needapausebutton

Geography 11m
Sometimes the only thing we have in common is geography.
Remove Ads.
Support Sporcle.
Get the best of Sporcle when you Go Orange. This ad-free experience offers more features, more stats, and more fun while also helping to support Sporcle. Thank you for becoming a member.

Show Comments

Extras

Top Quizzes Today


Score Distribution

Your Account Isn't Verified!

In order to create a playlist on Sporcle, you need to verify the email address you used during registration. Go to your Sporcle Settings to finish the process.

Report this User

Report this user for behavior that violates our Community Guidelines.

Details: